|
|
|
|
| LEADER |
00000caa a2200000 c 4500 |
| 001 |
1726557235 |
| 003 |
DE-627 |
| 005 |
20220324150311.0 |
| 007 |
tu |
| 008 |
200806s2020 xx ||||| 00| ||ger c |
| 020 |
|
|
|a 9783981846959
|
| 035 |
|
|
|a (DE-627)1726557235
|
| 035 |
|
|
|a (DE-599)KXP1726557235
|
| 040 |
|
|
|a DE-627
|b ger
|c DE-627
|e rda
|
| 041 |
|
|
|a ger
|
| 100 |
1 |
|
|a Schädel, Andreas
|d 1986-
|e VerfasserIn
|0 (DE-588)1135431256
|0 (DE-627)890373035
|0 (DE-576)489781918
|4 aut
|
| 109 |
|
|
|a Schädel, Andreas 1986-
|
| 245 |
1 |
0 |
|a Möglichkeiten der Konflikttransformation
|c Andreas Schädel, Hans-Joachim Giessmann
|
| 264 |
|
1 |
|c 2020
|
| 336 |
|
|
|a Text
|b txt
|2 rdacontent
|
| 337 |
|
|
|a ohne Hilfsmittel zu benutzen
|b n
|2 rdamedia
|
| 338 |
|
|
|a Band
|b nc
|2 rdacarrier
|
| 650 |
|
4 |
|a Streitkultur
|7 (dpeaa)DE-208
|
| 650 |
|
4 |
|a Radikalisierung
|
| 650 |
|
4 |
|a Extremismus
|
| 650 |
|
4 |
|a Präventionsarbeit
|
| 650 |
|
4 |
|a Deradikalisierung
|
| 650 |
|
4 |
|a Extremismusprävention
|
| 650 |
|
4 |
|a Soziale Medien
|
| 650 |
|
4 |
|a Religiöser Extremismus
|
| 689 |
0 |
0 |
|d s
|0 (DE-588)4048171-2
|0 (DE-627)106192035
|0 (DE-576)209076445
|a Radikalismus
|2 gnd
|
| 689 |
0 |
1 |
|d s
|0 (DE-588)4076308-0
|0 (DE-627)104364106
|0 (DE-576)209201428
|a Prävention
|2 gnd
|
| 689 |
0 |
2 |
|d s
|0 (DE-588)4114266-4
|0 (DE-627)105823457
|0 (DE-576)209483202
|a Konfliktlösung
|2 gnd
|
| 689 |
0 |
|
|5 (DE-627)
|
| 700 |
1 |
|
|a Gießmann, Hans-Joachim
|d 1955-
|e VerfasserIn
|0 (DE-588)123511747
|0 (DE-627)082599491
|0 (DE-576)165050683
|4 aut
|
| 773 |
0 |
8 |
|i Enthalten in
|t Handbuch Extremismusprävention
|d Wiesbaden : Bundeskriminalamt, 2020
|g (2020), Seite 653-661
|h 755 Seiten
|w (DE-627)1725193876
|z 9783981846959
|7 nnam
|
| 773 |
1 |
8 |
|g year:2020
|g pages:653-661
|
| 951 |
|
|
|a AR
|
| ELC |
|
|
|b 1
|
| LOK |
|
|
|0 000 xxxxxcx a22 zn 4500
|
| LOK |
|
|
|0 001 4099306054
|
| LOK |
|
|
|0 003 DE-627
|
| LOK |
|
|
|0 004 1726557235
|
| LOK |
|
|
|0 005 20260216152105
|
| LOK |
|
|
|0 008 220324||||||||||||||||ger|||||||
|
| LOK |
|
|
|0 040
|a DE-21-110
|c DE-627
|d DE-21-110
|
| LOK |
|
|
|0 852
|a DE-21-110
|
| LOK |
|
|
|0 852 1
|m p
|9 00
|
| LOK |
|
|
|0 938
|k p
|
| LOK |
|
|
|0 939
|a 24-03-22
|b l01
|
| ORI |
|
|
|a WA-MARC-krimdoka001.raw
|